JRの形式 - Statistics

General Stats
  • This quiz has been taken 410 times
  • The average score is 121 of 175
Answer Stats
Answer % Correct
2
100%
3
99%
1
98%
5
98%
7
98%
8
98%
10
97%
6
97%
11
95%
12
95%
14
90%
15
90%
50
88%
25
87%
40
86%
100
85%
231
84%
233
84%
235
84%
26
84%
32
84%
223
83%
113
82%
115
82%
225
82%
200
81%
221
81%
41
81%
48
81%
65
81%
103
80%
211
80%
227
80%
300
80%
35
80%
60
80%
117
79%
201
79%
205
79%
217
79%
47
79%
101
78%
105
78%
207
78%
209
78%
213
78%
51
78%
81
78%
110
77%
120
77%
131
77%
34
77%
500
77%
75
77%
127
76%
700
76%
85
76%
123
75%
129
75%
43
75%
66
75%
73
75%
121
74%
125
74%
54
74%
57
74%
58
74%
130
73%
210
73%
257
73%
283
73%
400
73%
800
73%
220
72%
253
72%
281
72%
285
72%
311
72%
313
72%
61
72%
64
72%
76
72%
77
72%
87
72%
126
71%
255
71%
259
71%
261
71%
287
71%
289
71%
315
71%
95
71%
122
70%
185
70%
321
70%
150
69%
183
69%
189
69%
97
69%
141
68%
271
68%
273
68%
323
68%
1000
67%
140
67%
143
66%
145
66%
187
66%
301
66%
303
66%
381
66%
383
66%
721
66%
147
65%
197
65%
2000
65%
291
65%
305
65%
193
64%
195
64%
250
64%
373
63%
681
63%
683
63%
701
63%
353
62%
501
62%
8000
61%
415
60%
531
60%
657
60%
7000
60%
813
60%
5000
59%
6000
59%
653
59%
783
59%
787
59%
811
59%
815
59%
521
58%
655
58%
713
57%
719
57%
785
57%
801
57%
817
57%
819
57%
883
57%
510
56%
735
56%
737
56%
789
56%
885
56%
1500
55%
731
55%
733
55%
751
55%
821
55%
1200
54%
741
52%
493
48%
2600
47%
2700
47%
491
47%
5200
47%
5500
47%
7200
47%
8600
47%
923
47%
991
42%
926
37%
956
32%
8620
11%
45000
4%
No matching quizzes found
Score Distribution
Percent of People with Each Score
Percentile by Number Answered
Your Score History
You have not taken this quiz